Služka /
Příběh nemanželské Anny z Banské Štiavnice, která pracovala jako služka ve Vídni a službě zasvětila celý svůj život. Na konci života vzpomíná na staré časy. Příběh inspirovaný osudem chůvy sester Vášáryových byl i zfilmován.
Uloženo v:
| Hlavní autor: | |
|---|---|
| Další autoři: | |
| Médium: | E-kniha |
| Jazyk: | Czech |
| Vydáno: |
Praha :
Motto,
2023
|
| Vydání: | Vydání druhé |
| Témata: | |
| Tagy: |
Žádné tagy |
| LEADER | 02413nam a2200433 i 4500 | ||
|---|---|---|---|
| 001 | 311806 | ||
| 003 | CZ PrSKC | ||
| 005 | 20260601215712.0 | ||
| 007 | ta | ||
| 008 | 230315s2023 xr g 000 f cze | ||
| 015 | |a cnb003507577 | ||
| 020 | |a 9788026724438 |q (vázáno) : |c Kč 269,00 | ||
| 035 | |a (OCoLC)1378694759 | ||
| 040 | |a ABG001 |b cze |e rda | ||
| 041 | 1 | |a cze |h slo | |
| 072 | 7 | |a 821.162.4 |x Slovenská literatura |2 Konspekt | |
| 080 | |a 821.162.4-31 |2 MRF | ||
| 080 | |a (0:82-31) |2 MRF | ||
| 100 | 1 | |a Lasicová, Hana, |d 1981- |7 xx0137862 |4 aut | |
| 240 | 1 | 0 | |a Slúžka. |l Česky |
| 245 | 1 | 0 | |a Služka / |c Hana Lasicová ; přeložila Miluše Krejčová |
| 250 | |a Vydání druhé | ||
| 264 | 1 | |a Praha : |b Motto, |c 2023 | |
| 300 | |a 189 stran ; |c 20 cm | ||
| 336 | |a text |b txt |2 rdacontent | ||
| 337 | |a bez média |b n |2 rdamedia | ||
| 338 | |a svazek |b nc |2 rdacarrier | ||
| 500 | |a Přeloženo ze slovenštiny | ||
| 500 | |a Název originálu v knize neuveden | ||
| 520 | 2 | |a Příběh nemanželské Anny z Banské Štiavnice, která pracovala jako služka ve Vídni a službě zasvětila celý svůj život. Na konci života vzpomíná na staré časy. Příběh inspirovaný osudem chůvy sester Vášáryových byl i zfilmován. |b Příběh nemanželské Anny z Banské Šťiavnice, která odešla jako dvanáctiletá do Vídně, aby tam pracovala jako služka v jedné vysoce postavené rodině. Nezkušená dívka, vlastně ještě dítě, se musí vyrovnat nejen se spoustou povinností, těžkou otrockou prací bez volných dní či odpočinku, ale také se zájmem mladého pána. Sama ví, jaké to je být bastard, ale dokáže odolat naléhání mladého muže a touze svého srdce? Nakladatelská anotace. Kráceno. | |
| 655 | 7 | |a slovenské romány |7 fd133450 |2 czenas | |
| 655 | 9 | |a Slovak fiction |2 eczenas | |
| 700 | 1 | |a Krejčová, Miluše, |d 1955- |7 jn20001103223 |4 trl | |
| 900 | |a ABG001 |b 19 | ||
| 928 | 9 | |a Albatros Media - Motto | |
| 044 | |a xr | ||
| 910 | |a RBIT002 | ||
| 998 | |d 366342 |a https://core.palmknihy.cz/api/books/366342/cover?si6c1j |b https://core.palmknihy.cz/api/books/366342/cover/400?si6c1j |c https://core.palmknihy.cz/api/books/366342/cover/50?si6c1j |e 2031-12-31 |g 192 |i 9788026724438 |j https://core.palmknihy.cz/api/books/366342/preview.epub |k https://core.palmknihy.cz/api/books/366342/preview.pdf |l |q 49 |r 1 |s https://www.palmknihy.cz/kniha/366342 |t ebook |y 2023 |z 0 | ||
| 999 | |d 311804 | ||